The United Nations Convention on the Rights of the Child in Wales (Record no. 73956)
[ view plain ]
| 000 -LEADER | |
|---|---|
| fixed length control field | 01359nam a2200301 a 4500 |
| 245 04 - TITLE STATEMENT | |
| Title | The United Nations Convention on the Rights of the Child in Wales |
| 260 ## - PUBLICATION, DISTRIBUTION, ETC. (IMPRINT) | |
| Place of publication | Cardiff : |
| Name of publisher | University of Wales Press, |
| Year of publication | 2013. |
| 300 ## - PHYSICAL DESCRIPTION | |
| Number of Pages | xviii, 230 p. : |
| Other physical details | ill. |
| 505 0# - FORMATTED CONTENTS NOTE | |
| Formatted contents note | pt. I. The UNCRC in Wales-- and Wales in the UNCRC -- pt. II. Making it work : realising children's rights in selected policy areas -- pt. III. Ensuring it works : accountability and participation. |
| 650 #0 - SUBJECT ADDED ENTRY--TOPICAL TERM | |
| Topical Term | Children's rights |
| 700 1# - ADDED ENTRY--PERSONAL NAME | |
| Personal name | Williams, Jane. |
| 856 40 - ELECTRONIC LOCATION AND ACCESS | |
| Uniform Resource Identifier | http://site.ebrary.com/lib/rucke/Doc?id=10651473 |
No items available.
